LEADER 02054nam 2200409Ia 450 001 996384033003316 005 20221103135054.0 035 $a(CKB)1000000000600184 035 $a(EEBO)2264203357 035 $a(UnM)99122234500971 035 $a(EXLCZ)991000000000600184 100 $a19850711d1693 uy | 101 0 $aeng 135 $aurbn||||a|bb| 200 12$aA further account of the tryals of the New-England witches$b[electronic resource] $ewith the observations of a person who was upon the place several days when the suspected witches were first taken into examination : to which is added, Cases of conscience concerning witchcrafts and evil spirits personating men /$fwritten at the request of the ministers of New-England by Increase Mather .. 210 $aLondon $cPrinted for J. Dunton ...$d1693 215 $a[2], 10, [4], 39, [10] p 300 $a"Cases of conscience" has separate pagination and special t.p. with imprint: Printed at Boston, and reprinted at London : For John Dunton, 1693. 300 $aAdvertisements: p. [2] at beginning and p. [6]-[9] at end. 300 $aMarginal notes. 300 $a"A true narrative of some remarkable passages relating to sundry persons afflicted by witchcraft at Salem village in New-England, which happened from the 19th of March to the 5th of April, 1692, collected by Deodat Lawson" : p. 1-9. 300 $a"A further account of the tryals of the New-England witches, sent in a letter from thence, to a gentleman in London": p. 9-10. 300 $aEntry for M1213 cancelled in Wing (2nd ed.). 300 $aReproduction of originals in British Library and Huntington Library. 330 $aeebo-0216 606 $aWitchcraft$zNew England 615 0$aWitchcraft 700 $aMather$b Increase$f1639-1723.$0790750 801 0$bEAA 801 1$bEAA 801 2$bm/c 801 2$bUMI 801 2$bWaOLN 906 $aBOOK 912 $a996384033003316 996 $aA further account of the tryals of the New-England witches$92419213 997 $aUNISA LEADER 01224nam 2200253la 450 001 9910482091803321 005 20221102160358.0 035 $a(UK-CbPIL)2090321621 035 $a(CKB)5500000000088254 035 $a(EXLCZ)995500000000088254 100 $a20221102d1639 uy | 101 0 $adut 135 $aurcn||||a|bb| 200 10$aTooneel vande mannelicke acht-baerheyt aengewesen. In de voor-sprake, teghen-sprake en wt-sprake gedaen over de weygheringhe van de coninginne Vasthi, aen de gesanten des Conincks Assuerus. Tot verbeteringhe van de huys-ghebreken deser eeuwe. Door I. Cats 210 $a[s.l.] $c[s.n.]$d1639 215 $aOnline resource (XXXVI, 122 P, 12°) 300 $aReproduction of original in Koninklijke Bibliotheek, Nationale bibliotheek van Nederland. 700 $aCats$b Jacob$f1577-1660.$0677702 801 0$bUk-CbPIL 801 1$bUk-CbPIL 906 $aBOOK 912 $a9910482091803321 996 $aTooneel vande mannelicke acht-baerheyt aengewesen. In de voor-sprake, teghen-sprake en wt-sprake gedaen over de weygheringhe van de coninginne Vasthi, aen de gesanten des Conincks Assuerus. Tot verbeteringhe van de huys-ghebreken deser eeuwe. Door I. Cats$92231818 997 $aUNINA